| 000 | 00554nam a2200181 4500 | ||
|---|---|---|---|
| 001 | 136031 | ||
| 003 | ES-MaACL | ||
| 005 | 20230906195023.0 | ||
| 007 | t| | ||
| 008 | 070214s1977 sp r ||||1| cat d | ||
| 100 | 1 |
_aRovira i Virgili, A. _9100148 |
|
| 245 | 1 | 4 |
_aEls sistemes electorals / _cA. Rovira i Virgili ; próleg a cura de Jordi Sobrequés i Callico. |
| 250 | _a2ª. ed. | ||
| 260 |
_aBarcelona : _bUndarius, _c1977. |
||
| 300 |
_a103 p. ; _c19 cm. |
||
| 700 | 1 |
_aSobrequés i Callico, Jordi. _9106998 |
|
| 852 |
_aES-MaACL _jA-6964 _bR.95925 |
||
| 999 |
_c136031 _d136031 |
||